Základy ekonomickej teórie /
Gespeichert in:
| 1. Verfasser: | |
|---|---|
| Weitere Verfasser: | |
| Format: | Buch |
| Sprache: | Slowakisch |
| Veröffentlicht: |
Žilina :
Žilinská univerzita v Žiline,
2004
|
| Ausgabe: | 1. vyd. |
| Schlagworte: | |
| ISBN: | 8080702985 |
| Online-Zugang: |
|
| Tags: |
Tag hinzufügen
Keine Tags, Fügen Sie den ersten Tag hinzu!
|
MARC
| LEADER | 00000nam a2200000 4500 | ||
|---|---|---|---|
| 003 | SK-BrCVT | ||
| 005 | 20250618141241.0 | ||
| 008 | 050301s2004 xo e ||||||slo d | ||
| 020 | |a 8080702985 | ||
| 035 | |a CVTIDW0975402 | ||
| 040 | |b slo |a CVTI SR | ||
| 041 | 0 | |a slo | |
| 044 | |a xo | ||
| 080 | |a 330 |2 UDC-MRF | ||
| 100 | 1 | |a Kucharčíková, Alžbeta, |d 1967- | |
| 245 | 1 | 0 | |a Základy ekonomickej teórie / |c Alžbeta Kucharčíková, Emese Tokarčíková |
| 250 | |a 1. vyd. | ||
| 260 | |a Žilina : |b Žilinská univerzita v Žiline, |c 2004 | ||
| 300 | |a 274 s. : |b grafy, lit., obr., tab. ; | ||
| 653 | 1 | |a história |a hospodárska politika |a Zákon vzácnosti |a výrobný zdroj | |
| 700 | 1 | |a Tokarčíková, Emese | |
| 910 | |b A593216 |b A593217 | ||
| 919 | |a 80-8070-298-5 | ||
| 974 | |f Knihy |b Katarína Repatá | ||
| 992 | |a AUV | ||
| 999 | |c 142751 |d 142751 | ||

